Tropical Floriculture (Record no. 190)
[ view plain ]
| 000 -LEADER | |
|---|---|
| fixed length control field | 00370nam a2200145 4500 |
| 020 ## - INTERNATIONAL STANDARD BOOK NUMBER | |
| ISBN | 998582242 |
| 050 ## - CALL NUMBER | |
| Classification number | SB407.3. |
| Item number | .N75 |
| 100 ## - AUTHOR | |
| Personal name | Norman, J. C. |
| 245 ## - TITLE | |
| Title | Tropical Floriculture |
| Statement of responsibility, etc | J. C. Norman |
| 260 ## - PUBLICATION INFORMATION | |
| Place of publication | Accra, Ghana; |
| Name of publisher | National Science and Technology |
| Year of publication | 2004 |
| 300 ## - DESCRIPTION | |
| Number of Pages | 216; |
| Other physical details | illustrations. |
| 500 ## - NOTES | |
| General note | includes index |
| 650 ## - SUBJECTS | |
| Topical Term | flowers |
| 942 ## - ADDED ENTRY ELEMENTS (KOHA) | |
| Koha item type | Books |
| Withdrawn status | Lost status | Home library | Current library | Date acquired | Full call number | Accession Number | Koha item type |
|---|---|---|---|---|---|---|---|
| Methodist University Library Wenchi Faculty | Methodist University Library Wenchi Faculty | 16/10/2017 | SB407.3. .N75 | 19869 | Books | ||
| Methodist University Library Wenchi Faculty | Methodist University Library Wenchi Faculty | 16/10/2017 | SB407.3. .N75 | 19870 | Books | ||
| Methodist University Library Wenchi Faculty | Methodist University Library Wenchi Faculty | 16/10/2017 | SB407.3. .N75 | 19871 | Books | ||
| Methodist University Library Wenchi Faculty | Methodist University Library Wenchi Faculty | 16/10/2017 | SB407.3. .N75 | 21608 | Books | ||
| Methodist University Library Wenchi Faculty | Methodist University Library Wenchi Faculty | 16/10/2017 | SB407.3. .N75 | 21609 | Books | ||
| Methodist University Library Wenchi Faculty | Methodist University Library Wenchi Faculty | 16/10/2017 | SB407.3. .N75 | 21425 | Books |